Municipios del Reino de Navarra en el siglo XIV - Estadísticas

Estadísticas generales
  • Esta prueba ha sido intentada 17 veces
  • La puntuación promedio es 91 de 365
Respuestas en el mapa
Las respuestas están codificadas por una escala verde-roja en el mapa de la prueba según el % correcto abajo.
 
Estadísticas de respuestas
Merindad Municipio % Correcto
Pamplona / Montaña Pamplona / Iruña
87%
Tudela / Ribera Tudela / Tutera
87%
Pamplona / Montaña Baztán / Baztan
73%
Olite Olite / Erriberri
73%
Sangüésa Sangüesa / Zangoza
73%
Olite Tafalla
73%
Pamplona / Montaña Alsasua / Altsasu
67%
Pamplona / Montaña Barañáin / Barañain
67%
Pamplona / Montaña Berriozar
67%
Tudela / Ribera Cascante
67%
Tudela / Ribera Corella
67%
Estella Estella / Lizarra
67%
Sangüésa Aoiz / Agoitz
60%
Tudela / Ribera Cintruénigo
60%
Sangüésa Isaba / Izaba
60%
Olite Milagro
60%
Sangüésa Petilla de Aragón
60%
Pamplona / Montaña Puente la Reina / Gares
60%
Pamplona / Montaña Zugarramurdi
60%
Pamplona / Montaña Berrioplano / Berriobeiti
53%
Tudela / Ribera Buñuel
53%
Sangüésa Burlada / Burlata
53%
Tudela / Ribera Carcastillo
53%
Sangüésa Huarte / Uharte
53%
Pamplona / Montaña Leiza / Leitza
53%
Pamplona / Montaña Lesaca / Lesaka
53%
Sangüésa Lumbier / Irunberri
53%
Tudela / Ribera Murchante
53%
Estella San Adrián
53%
Tudela / Ribera Valtierra
53%
Estella Viana
53%
Tudela / Ribera Ablitas
47%
Pamplona / Montaña Ansoáin / Antsoain
47%
Pamplona / Montaña Areso
47%
Olite Artajona
47%
Sangüésa Cáseda
47%
Tudela / Ribera Cortes
47%
Pamplona / Montaña Echarri / Etxarri
47%
Sangüésa Egués / Eguesibar
47%
Tudela / Ribera Fitero
47%
Olite Funes
47%
Tudela / Ribera Fustiñana
47%
Estella Goñi
47%
Pamplona / Montaña Iza / Itza
47%
Sangüésa Javier / Xabier
47%
Pamplona / Montaña Lecunberri / Lekunberri
47%
Estella Lerín
47%
Olite Marcilla
47%
Tudela / Ribera Monteagudo
47%
Sangüésa Ochagavía / Otsagabia
47%
Olite Pitillas
47%
Sangüésa Roncal / Erronkari
47%
Sangüésa Roncesvalles / Orreaga
47%
Pamplona / Montaña Santesteban / Doneztebe
47%
Estella Sartaguda
47%
Tudela / Ribera Tulebras
47%
Pamplona / Montaña Ulzama
47%
Pamplona / Montaña Urdax / Urdazubi
47%
Sangüésa Valcarlos / Luzaide
47%
Pamplona / Montaña Vera de Bidasoa / Bera
47%
Estella Villatuerta
47%
Pamplona / Montaña Villava / Atarrabia
47%
Pamplona / Montaña Zizur Mayor / Zizur Nagusia
47%
Pamplona / Montaña Adiós
40%
Estella Allo
40%
Estella Ancín
40%
Pamplona / Montaña Araquil / Arakil
40%
Tudela / Ribera Arguedas
40%
Estella Arróniz
40%
Estella Ayegui / Aiegi
40%
Tudela / Ribera Barillas
40%
Pamplona / Montaña Beriáin
40%
Pamplona / Montaña Betelu
40%
Tudela / Ribera Cadreita
40%
Olite Caparroso
40%
Tudela / Ribera Castejón
40%
Pamplona / Montaña Echalar / Etxalar
40%
Pamplona / Montaña Echarri-Aranaz / Etxarri-Aranatz
40%
Sangüésa Erro
40%
Sangüésa Esteribar
40%
Olite Falces
40%
Pamplona / Montaña Galar
40%
Pamplona / Montaña Goizueta
40%
Pamplona / Montaña Irurzun / Irurtzun
40%
Olite Larraga
40%
Pamplona / Montaña Larraun
40%
Ultrapuertos Lecumberri / Lecumberry / Lekunberri
40%
Sonsierra de Navarra Leza
40%
Sangüésa Liédena
40%
Estella Lodosa
40%
Tudela / Ribera Mélida
40%
Estella Mendavia
40%
Sangüésa Monreal / Elo
40%
Pamplona / Montaña Orcoyen
40%
Olite Peralta / Azkoien
40%
Tudela / Ribera Ribaforada
40%
Olite San Martín de Unx
40%
Estella Sesma
40%
Pamplona / Montaña Sunbilla
40%
Estella Torres del Río
40%
Estella Yerri / Deierri
40%
Estella Abáigar
33%
Estella Aguilar de Codés
33%
Sangüésa Aibar / Oibar
33%
Estella Améscoa Baja / Ameskoabarrena
33%
Pamplona / Montaña Aranaz / Aranatz
33%
Sangüésa Aranguren
33%
Pamplona / Montaña Basaburua
33%
Sangüésa Burguete / Auritz
33%
Tudela / Ribera Cabanillas
33%
Pamplona / Montaña Cizur
33%
Estella Desojo
33%
Pamplona / Montaña Donamaría / Doneztebe
33%
Sangüésa Eslava
33%
Tudela / Ribera Fontellas
33%
Sangüésa Gallipienzo / Galipentzu
33%
Sangüésa Guesa / Gesa
33%
Estella Guesálaz / Gesalatz
33%
Sonsierra de Navarra Laguardia
33%
Estella Lapoblación
33%
Ultrapuertos Lasse / Lasa
33%
Estella Los Arcos
33%
Estella Murieta
33%
Olite Murillo el Cuende
33%
Olite Murillo el Fruto
33%
Sangüésa Navascués / Nabaskoze
33%
Estella Oco
33%
Pamplona / Montaña Odieta
33%
Ultrapuertos San Juan Pie de Puerto / Saint-Jean-Pied-de-Port / Donibane Garazi
33%
Estella Torralba del Río
33%
Ultrapuertos Urepel / Urepele
33%
Pamplona / Montaña Urroz / Urrotz
33%
Tudela / Ribera Villafranca
33%
Sangüésa Yesa
33%
Estella Abárzuza / Abartzuza
27%
Estella Allín / Allin
27%
Estella Andosilla
27%
Pamplona / Montaña Anue
27%
Pamplona / Montaña Araiz
27%
Pamplona / Montaña Arano
27%
Sangüésa Arce / Artzi
27%
Estella Arellano
27%
Ultrapuertos Armendáriz / Armendarits / Armendaritze
27%
Pamplona / Montaña Atez / Atetz
27%
Estella Azagra
27%
Estella Bargota
27%
Olite Beire
27%
Ultrapuertos Beorlegui / Béhorléguy / Behorlegi
27%
Olite Berbinzana
27%
Ultrapuertos Bergüey / Bergouey-Viellenave / Burgue
27%
Sangüésa Burgui / Burgi
27%
Estella Cárcar
27%
Sangüésa Castillo-Nuevo / Gazteluberri
27%
Pamplona / Montaña Echauri / Etxauri
27%
Pamplona / Montaña Elgorriaga
27%
Pamplona / Montaña Enériz / Eneritz
27%
Pamplona / Montaña Ezcabarte / Ezkabarte
27%
Sangüésa Ezcaroz / Ezkaroze
27%
Pamplona / Montaña Ezcurra / Ezkurra
27%
Sangüésa Garde
27%
Pamplona / Montaña Ituren
27%
Pamplona / Montaña Iturmendi
27%
Sangüésa Jaurrieta
27%
Pamplona / Montaña Lanz / Lantz
27%
Olite Leoz / Leotz
27%
Estella Lezáun / Lezaun
27%
Sangüésa Lizoáin / Lizoain-Arriasgoiti
27%
Estella Mañeru
27%
Olite Mendigorría
27%
Olite Miranda de Arga
27%
Pamplona / Montaña Obanos
27%
Pamplona / Montaña Oiz
27%
Pamplona / Montaña Ollo / Ollaran
27%
Sangüésa Oroz-Betelu / Orotz-Betelu
27%
Sonsierra de Navarra Oyón
27%
Olite Pueyo / Puiu
27%
Sangüésa Sada
27%
Estella Salinas de Oro / Jaitz
27%
Olite Ujué / Uxue
27%
Sangüésa Urraúl Alto / Urraulgoiti
27%
Sangüésa Urraúl Bajo / Urraulbeiti
27%
Sangüésa Uztárroz / Uztarroze
27%
Pamplona / Montaña Zabalza / Zabalza
27%
Sangüésa Abaurrea Alta / Abaurregaina
20%
Sangüésa Abaurrea Baja / Abaurrepea
20%
Pamplona / Montaña Añorbe
20%
Pamplona / Montaña Arbizu
20%
Estella Artazu
20%
Pamplona / Montaña Bacaicoa / Bakaioko
20%
Olite Barásoain
20%
Pamplona / Montaña Bertizarana
20%
Pamplona / Montaña Ciordia / Ziordia
20%
Estella Cirauqui / Zirauki
20%
Estella Dicastillo
20%
Estella El Busto
20%
Pamplona / Montaña Erasun
20%
Olite Garínoain
20%
Sangüésa Garralda
20%
Estella Genevilla
20%
Pamplona / Montaña Iganzi / Igantzi
20%
Pamplona / Montaña Irañeta
20%
Pamplona / Montaña Juslapeña / Txulapain
20%
Sonsierra de Navarra Labastida
20%
Ultrapuertos La Bastide-Clairence / Bastida
20%
Pamplona / Montaña Lacunza / Lakuntza
20%
Estella Lana
20%
Estella Larraona
20%
Estella Lazagurría
20%
Sangüésa Lónguida / Longida
20%
Estella Marañón
20%
Estella Mendaza
20%
Estella Metauten
20%
Estella Mués
20%
Estella Nazar
20%
Pamplona / Montaña Olazagutía / Olazti
20%
Pamplona / Montaña Olza / Oltza
20%
Sangüésa Oronz / Orontze
20%
Sangüésa Romanzado / Erromantzatua
20%
Pamplona / Montaña Saldias
20%
Estella Sansol
20%
Olite Santacara
20%
Estella Sorlada
20%
Pamplona / Montaña Uharte-Arakil
20%
Sangüésa Unciti
20%
Olite Unzué / Untzue
20%
Sangüésa Urzainqui / Urzainki
20%
Sangüésa Vidángoz / Bidankoze
20%
Estella Villamayor de Monjardín
20%
Pamplona / Montaña Zubieta
20%
Estella Zúñiga
20%
Estella Aranarache / Aranaratxe
13%
Estella Aras
13%
Sangüésa Aria
13%
Sangüésa Aribe
13%
Ultrapuertos Arnegui / Arnéguy / Arnegi
13%
Pamplona / Montaña Arruazu
13%
Estella Azuelo
13%
Sonsierra de Navarra Baños de Ebro
13%
Pamplona / Montaña Beinza-Labayen / Beintza-Labaien
13%
Pamplona / Montaña Belascoáin
13%
Pamplona / Montaña Bidaurreta
13%
Estella Cabredo
13%
Sonsierra de Navarra Elciego
13%
Sonsierra de Navarra Elvillar
13%
Sangüésa Esparza de Salazar / Espartza Zaraitzu
13%
Estella Espronceda
13%
Estella Etayo
13%
Estella Eulate
13%
Sangüésa Ezprogui
13%
Sangüésa Gallués / Galoze
13%
Sangüésa Garaioa
13%
Ultrapuertos Garris / Garrüze
13%
Estella Guirguillano
13%
Sangüésa Ibargoiti
13%
Pamplona / Montaña Imoz / Imotz
13%
Ultrapuertos Irissarry / Irisarri
13%
Sangüésa Izagaondoa
13%
Sangüésa Izalzu / Itzaltzu
13%
Sonsierra de Navarra Kripan
13%
Sonsierra de Navarra Lanciego
13%
Sonsierra de Navarra Lapuebla de Labarca
13%
Estella Legaria
13%
Sangüésa Lerga
13%
Estella Mirafuentes
13%
Sonsierra de Navarra Moreda de Álava
13%
Estella Morentin
13%
Sonsierra de Navarra Navaridas
13%
Pamplona / Montaña Olaibar
13%
Estella Olejua
13%
Olite Olóriz / Oloritz
13%
Sangüésa Orbaizeta
13%
Sangüésa Orbara
13%
Ultrapuertos Ossès / Ozaze
13%
Sonsierra de Navarra Samaniego
13%
Ultrapuertos San Esteban de Baigorry / Saint-Étienne-de-Baïgorry / Baigorri
13%
Sangüésa Sarriés / Sartze
13%
Pamplona / Montaña Urdiain
13%
Sangüésa Urroz-Villa
13%
Sangüésa Valle de Elorz / Elortzibar
13%
Sonsierra de Navarra Villabuena de Álava
13%
Sangüésa Villanueva de Aezkoa / Hiriberri
13%
Sonsierra de Navarra Yécora
13%
Sonsierra de Navarra Ábalos
7%
Estella Aberin
7%
Ultrapuertos Aldudes / Aldude
7%
Estella Armañanzas
7%
Ultrapuertos Azcárate / Ascarat / Azkarate
7%
Ultrapuertos Banca / Banka
7%
Estella Barbarin
7%
Pamplona / Montaña Biurrun-Olcoz
7%
Pamplona / Montaña Ciriza / Ziritza
7%
Pamplona / Montaña Ergoyena / Ergoiena
7%
Ultrapuertos Ibarrolle / Ibarrola
7%
Sangüésa Leache / Leatxe
7%
Pamplona / Montaña Muruzábal
7%
Olite Orísoain
7%
Estella Oteiza
7%
Estella Piedramillera
7%
Ultrapuertos San Miguel / Saint-Michel / Eiheralarre
7%
Ultrapuertos San Pelayo / Saint-Palais / Donapaleu
7%
Sonsierra de Navarra San Vicente de la Sonsierra
7%
Sangüésa Tiebas-Muruarte de Reta
7%
Pamplona / Montaña Tirapu
7%
Pamplona / Montaña Úcar
7%
Ultrapuertos Uhart-Cize / Uharte-Hiri
7%
Pamplona / Montaña Uterga
7%
Ultrapuertos Ahaxe / Ahaxe-Alciette-Bascassan / Ahatsa
0%
Ultrapuertos Aicirits / Aicirits-Camou-Suhast / Aiziritze
0%
Ultrapuertos Aincilla / Aincille / Aintzila
0%
Ultrapuertos Ainhice / Ainhice-Mongelos / Ainhize
0%
Ultrapuertos Amendeuix / Amendeuix-Oneix / Amendüze
0%
Ultrapuertos Amorots / Amorots-Succos / Amorotze
0%
Ultrapuertos Anhaux / Anhauze
0%
Ultrapuertos Arancou / Aranko
0%
Ultrapuertos Arberats / Arbérats-Sillègue / Arberatze
0%
Ultrapuertos Arbouet / Arbouet-Sussaute / Arboueta
0%
Ultrapuertos Arhansus / Arhantsusi
0%
Ultrapuertos Arraute-Charritte / Arrueta
0%
Ultrapuertos Ayherre / Aiherra
0%
Ultrapuertos Béguios / Behauze
0%
Ultrapuertos Behasque / Béhasque-Lapiste / Behaskane
0%
Ultrapuertos Beyrie / Beyrie-sur-Joyeuse / Biriatu
0%
Ultrapuertos Bidache / Bidaxune
0%
Ultrapuertos Bidarray / Bidarrai
0%
Ultrapuertos Bunus / Bunuze
0%
Ultrapuertos Bussunarits-Sarrasquette / Buzunaritze
0%
Ultrapuertos Bustince-Iriberry / Bustintze
0%
Ultrapuertos Came / Akamarre
0%
Ultrapuertos Çaro / Zaro
0%
Ultrapuertos Escós
0%
Ultrapuertos Estérençuby / Ezterenzubi
0%
Ultrapuertos Gabat / Gabadi
0%
Ultrapuertos Gamarthe / Gamarte
0%
Ultrapuertos Hélette / Heleta
0%
Ultrapuertos Hosta / Hozta
0%
Estella Igúzquiza / Iguzkitza
0%
Ultrapuertos Iholdy / Iholdi
0%
Ultrapuertos Ilharre / Ilarra
0%
Ultrapuertos Irulegui / Irouléguy / Irulegi
0%
Ultrapuertos Ispoure / Izpura
0%
Ultrapuertos Isturits / Izturitze
0%
Ultrapuertos Jaxu / Jatsu
0%
Ultrapuertos Juxue / Zuhatsu
0%
Ultrapuertos Labets-Biscay / Lapitze
0%
Ultrapuertos Lacarre / Lakarra
0%
Ultrapuertos Lantabat / Landibarre
0%
Ultrapuertos Larceveau-Arros-Cibits / Lartzabale
0%
Ultrapuertos Larribar-Sorhapuru / Larribarre
0%
Pamplona / Montaña Legarda
0%
Estella Luquin
0%
Ultrapuertos Luxe-Sumberraute / Lüküze
0%
Ultrapuertos Masparraute / Martxueta
0%
Ultrapuertos Méharin / Mehaine
0%
Ultrapuertos Mendive / Mendibe
0%
Ultrapuertos Orégue / Oreka
0%
Ultrapuertos Orsanco / Ortzaize
0%
Ultrapuertos Ostabat-Asme / Ostibarre
0%
Ultrapuertos Sames / Zamese
0%
Ultrapuertos San Esteban / Saint-Esteben / Donoztiri
0%
Ultrapuertos San Juan el Viejo / Saint-Jean-le-Vieux / Donibane Garazi Zaharra
0%
Ultrapuertos San Justo de Ibarre / Saint-Just-Ibarre / Donaixti-Ibarre
0%
Ultrapuertos San Martín de Arbeoru / Saint-Martin-d'Arbéroue / Donamartiri
0%
Ultrapuertos San Martín de Arrosa / Saint-Martin-d'Arrossa / Arrosa
0%
Ultrapuertos Suescun / Suhescun / Zohüskün
0%
Ultrapuertos Uhart-Mixe / Uharte-Hiri
0%
No se encontraron pruebas coincidentes
Distribución de puntuación
Porcentaje de gente con cada puntuación
Porcentaje por número respondido
Historial de tus puntuaciones
No has intentado esta prueba.